Traduction en Anglais - Thème Voyage - Statistiques

Statistiques générales
  • Ce quiz a été pris 73 fois
  • Le résultat moyen est 36 sur 121
Statistiques - réponses
Français Anglais % Correct
Aéroport Airport
93%
Adresse Address
88%
Activité Activity
78%
Avion Plane
76%
Attendre Wait
73%
Conduire Drive
66%
Billet Ticket
66%
Marcher Walk
66%
Plage Beach
63%
Annuler Cancel
63%
Oublier Forget
63%
Connaître Know
63%
S'arrêter Stop
61%
Se réveiller Wake up
61%
Camping Camping
59%
Confirmer Confirm
59%
Destination Destination
59%
Hôtel Hotel
59%
Arriver Arrive
56%
Pont Bridge
56%
Passeport Passport
56%
Payer Pay
56%
Envoyer Send
56%
Voyager Travel
56%
Départ Departure
51%
Atterrir Land
51%
Passager Passenger
51%
Camper Camp
49%
Expliquer Explain
49%
Partir Leave
49%
Carte bancaire Credit card
46%
Organiser Organize
46%
Louer Rent
46%
Réservation Reservation
46%
Étoiles (hôtel) Stars
46%
Pourboire Tip
46%
Tourisme Tourism
46%
Bagages Luggage
44%
Annulation Cancellation
41%
Climat Climate
41%
Croisière Cruise
41%
Parc national National park
39%
Passer Pass
39%
Arrivée Arrival
37%
Réserver Book
37%
Se dépêcher Hurry
37%
Basse saison Low season
37%
Rater Miss
37%
Sac à dos Backpack
34%
Numéro de vol Flight number
34%
Se déplacer Move
34%
Attirer Attract
32%
Emprunter Borrow
32%
Haute saison High season
32%
Autoroute Highway
32%
Se baigner Swim
32%
Bagage perdu Lost luggage
29%
Carte routière Road map
29%
Frontière Border
27%
Compagnie de croisière Cruise company
27%
Excursion Excursion
27%
Toilettes publiques Public toilets
27%
Connexion Wi-Fi Wi-Fi connection
27%
Carte d’embarquement Boarding pass
24%
Itinéraire Itinerary
24%
Souvenirs Souvenirs
24%
Agent de voyage Travel agent
24%
Embarquer Board
20%
Se détendre Relax
20%
Se reposer Rest
20%
Sécurité Safety
20%
Accélérer Speed up
20%
Se perdre Get lost
17%
Faire une réservation Make a reservation
17%
Séjour Stay
17%
Continuer To continue / Go on / Carry on
17%
Auberge de jeunesse Youth hostel / Hostel
17%
Capitale Capital city
15%
Location de voiture Car rental
15%
Itinéraire détaillé Detailed itinerary
15%
Changer (argent) Exchange
15%
Accueil Reception
15%
Enregistrer Check in
12%
Circuler Circulate
12%
Station-service Gas station
12%
Montgolfière Hot air balloon
12%
Accompagner Accompany
10%
Formalités administratives Administrative formalities
10%
Panneau d’information Information board
10%
Navette Shuttle
10%
Guide touristique Tourist guide
10%
Hébergement Accommodation
7%
Douane Customs
7%
Taux de change Exchange rate
7%
Prolonger Extend
7%
Traversée Crossing
5%
Quai Platform / Dock
5%
Aire de repos Rest area
5%
Décoller To take off
5%
Méteo Weather forecast
5%
Monter (train, bus) Board
2%
Bagages à main Carry-on luggage
2%
Bagage en soute Checked baggage
2%
Confier (quelque chose) Entrust
2%
Excédent de bagages Excess baggage
2%
Rentrer Return
2%
Réseau routier Road network
2%
Aller-retour Round trip
2%
Faire du tourisme Sightsee
2%
Station de ski Ski resort
2%
Billetterie Ticket office
2%
Décalage horaire Time difference
2%
Naviguer Bavigate
0%
Station balnéaire Beach resort
0%
Camping-car Camper van
0%
Gîte Cottage
0%
Maison d’hôtes Guesthouse
0%
S'informer Inquire
0%
Parapente Paragliding
0%
Mettre en marche Start (a vehicle)
0%
Complexe touristique Tourist complex
0%
Aucun quiz correspondant
Distribution des résultats
% des personnes avec chaque résultat
Percentile par nombre de réponses
Votre historique - résultats
Vous n’avez pas pris ce quiz